[Event "Junior Online 4NCL Division 3"]
[Site "online"]
[Date "2021.10.28"]
[EventDate "2021.10.28"]
[Round "6.142"]
[White "Roets, Nicholas"]
[WhiteElo "1267"]
[WhiteTeam "Wimbledon Juniors A"]
[Black "Hatem, Mika"]
[BlackElo "1384"]
[BlackTeam "JHJ Shark Tank 5"]
[Result "0-1"]
[PlyCount "150"]

1. d4 Nf6 2. c4 e6 3. Nf3 Bb4+ 4. Nc3 Nc6 5. a3 Bxc3+ 6. bxc3 d6 7. g3 O-O 8. Bg2 Re8 9. O-O e5 10. Re1 Bg4 11. e4 h6 12. h3 Bxf3 13. Bxf3 Na5 14. Qd3 Qd7 15. Be3 Qxh3 16. Qe2 Qe6 17. d5 Qd7 18. Kg2 Qa4 19. c5 Nxe4 20. cxd6 Nxd6 21. Qd2 Nb3 22. Qc2 Nc5 23. Qd2 Nd7 24. Rh1 e4 25. Bg4 Nb6 26. Bxh6 e3 27. Qd3 Qxg4 28. c4 gxh6 29. Rxh6 Qe4+ 30. Qxe4 Nxe4 31. fxe3 Re6 32. Rh4 Re5 33. Kf3 Nd6 34. Rg4+ Kf8 35. c5 Nxd5 36. cxd6 Rxe3+ 37. Kf2 cxd6 38. Rd4 Re5 39. Rad1 Nc3 40. R1d3 Nb5 41. Rb4 Rae8 42. a4 Re2+ 43. Kf3 Nc7 44. Rxb7 Ne6 45. Rxa7 Nc5 46. Ra3 Rd2 47. Rc3 Rd3+ 48. Rxd3 Nxd3 49. a5 Nc5 50. Rc7 Ra8 51. Rc6 Rxa5 52. Rxd6 Ra3+ 53. Kf4 Ne6+ 54. Kg4 Ra4+ 55. Kf3 Ke7 56. Rd3 Nc5 57. Re3+ Ne6 58. g4 Rd4 59. Kg3 Rd5 60. Re4 Rd3+ 61. Kh4 Rd1 62. Kg3 Rd3+ 63. Kf2 Rd4 64. Re3 Rxg4 65. Kf3 Rf4+ 66. Kg3 Rf1 67. Kg2 Ra1 68. Kf2 f5 69. Kf3 Ra4 70. Re2 Kf6 71. Rh2 Rg4 72. Rh6+ Rg6 73. Rh3 Ng5+ 74. Kg3 Nxh3+ 75. Kxh3 f4 0-1

[Event "Junior Online 4NCL Division 3"]
[Site "online"]
[Date "2021.10.28"]
[EventDate "2021.10.28"]
[Round "6.145"]
[White "Farsi-Holford, William"]
[WhiteElo "1317"]
[WhiteTeam "Wimbledon Juniors A"]
[Black "Bates, Hubert"]
[BlackElo "1400"]
[BlackTeam "JHJ Shark Tank 5"]
[Result "0-1"]
[PlyCount "58"]

1. e4 c5 2. c4 Nc6 3. Nf3 d6 4. Nc3 Bg4 5. h3 Bh5 6. d3 Nd4 7. Nxd4 Bxd1 8. Nxd1 cxd4 9. Bf4 e5 10. Bg3 Qa5+ 11. Ke2 Nf6 12. Bh4 O-O-O 13. Bxf6 gxf6 14. Rb1 f5 15. b4 Qxa2+ 16. Rb2 Qa6 17. b5 Qb6 18. exf5 d5 19. cxd5 Rxd5 20. Rc2+ Kb8 21. g3 Rxb5 22. Bg2 Rc5 23. Rd2 Bh6 24. Ra2 Qb3 25. Ra1 Qc2+ 26. Kf3 Qxd3+ 27. Kg4 Rg8+ 28. Kh5 Qxf5+ 29. Kh4 Qg5# 0-1

[Event "Junior Online 4NCL Division 3"]
[Site "online"]
[Date "2021.10.28"]
[EventDate "2021.10.28"]
[Round "6.146"]
[White "Hatem, Mika"]
[WhiteElo "1384"]
[WhiteTeam "JHJ Shark Tank 5"]
[Black "Roets, Nicholas"]
[BlackElo "1267"]
[BlackTeam "Wimbledon Juniors A"]
[Result "1-0"]
[PlyCount "67"]

1. e4 c6 2. d4 d5 3. exd5 cxd5 4. c3 Nc6 5. Bd3 Nf6 6. Nf3 Bg4 7. h3 Bh5 8. Bf4 e6 9. Nbd2 Bd6 10. Bxd6 Qxd6 11. O-O O-O 12. Qc2 Bg6 13. Rfe1 Rae8 14. Ne5 Nd7 15. Nxg6 fxg6 16. Nf3 e5 17. dxe5 Ndxe5 18. Nxe5 Nxe5 19. Bf1 Nc6 20. Rad1 Rf5 21. Rxe8+ Kf7 22. Ree1 Rg5 23. Qe2 Qd7 24. Qf3+ Rf5 25. Qg3 h6 26. h4 g5 27. Bd3 gxh4 28. Bxf5 Qxf5 29. Qxh4 Qg6 30. Rxd5 Kg8 31. Qh5 Qf6 32. Re8+ Kh7 33. Qf5+ Qxf5 34. Rxf5 1-0

[Event "Junior Online 4NCL Division 3"]
[Site "online"]
[Date "2021.10.28"]
[EventDate "2021.10.28"]
[Round "6.151"]
[White "Yerabati, Suhrith"]
[WhiteElo "1413"]
[WhiteTeam "Leeds Juniors 2"]
[Black "Cepoi, Gesneria-Codruta"]
[BlackElo "1109"]
[BlackTeam "Uxbridge C"]
[Result "1-0"]
[PlyCount "69"]

1. d4 f5 2. Nc3 d5 3. Bf4 c6 4. e3 Nf6 5. Bd3 g6 6. Nf3 Bg7 7. Qe2 Ne4 8. Bxe4 dxe4 9. Ne5 Nd7 10. O-O-O e6 11. g4 Qe7 12. Nxd7 Bxd7 13. h4 O-O-O 14. Bg5 Bf6 15. Bxf6 Qxf6 16. g5 Qf7 17. Na4 b6 18. Qa6+ Kb8 19. Nc3 Bc8 20. Qc4 Bb7 21. Ne2 Rd5 22. Nf4 Rd6 23. h5 b5 24. hxg6 Qg8 25. gxh7 bxc4 26. hxg8=Q+ Rxg8 27. g6 Bc8 28. Rh7 Rd7 29. Rdh1 Rdg7 30. Rxg7 Rxg7 31. Rh7 Rg8 32. g7 Kb7 33. Nh5 Bd7 34. Nf6 Rd8 35. Rh8 1-0

[Event "Junior Online 4NCL Division 3"]
[Site "online"]
[Date "2021.10.28"]
[EventDate "2021.10.28"]
[Round "6.152"]
[White "Eshwar, Ananya"]
[WhiteElo "1014"]
[WhiteTeam "Uxbridge C"]
[Black "Yerabati, Samiksha"]
[BlackElo "1337"]
[BlackTeam "Leeds Juniors 2"]
[Result "1-0"]
[PlyCount "45"]

1. d4 d5 2. Bf4 e6 3. e3 Nf6 4. Nf3 Nc6 5. Bd3 a6 6. Nbd2 Nb4 7. Be2 h6 8. O-O Nc6 9. h3 Rg8 10. Be5 Nxe5 11. Nxe5 Bd6 12. Ndf3 Nd7 13. Nxd7 Bxd7 14. Ne5 Bc8 15. b3 f6 16. Ng6 Kd7 17. Nh4 g5 18. Nf3 Qe8 19. Nh2 e5 20. Ng4 Qf8 21. dxe5 fxe5 22. Qxd5 Rg6 23. Nxe5+ 1-0

[Event "Junior Online 4NCL Division 3"]
[Site "online"]
[Date "2021.10.28"]
[EventDate "2021.10.28"]
[Round "6.153"]
[White "Xu, Sienna"]
[WhiteElo "1330"]
[WhiteTeam "Leeds Juniors 2"]
[Black "Boby, Shawn"]
[BlackElo "926"]
[BlackTeam "Uxbridge C"]
[Result "0-1"]
[PlyCount "56"]

1. e4 e5 2. Nf3 Nc6 3. d4 exd4 4. Nxd4 Nge7 5. Nc3 g6 6. Nxc6 Nxc6 7. Bf4 Bg7 8. Bc4 O-O 9. O-O d6 10. b3 Bxc3 11. Rb1 Bg7 12. Bd5 Be6 13. Qd2 Bxd5 14. exd5 Ne5 15. Bxe5 Bxe5 16. c4 Bg7 17. Qf4 Qf6 18. Qg3 Rfe8 19. h3 Qe5 20. Qf3 Qf5 21. Qg3 Re2 22. Rfe1 Rae8 23. a4 Rxe1+ 24. Rxe1 Rxe1+ 25. Kh2 Be5 26. f4 Bxf4 27. Qxf4 Qxf4+ 28. g3 Qf2# 0-1

[Event "Junior Online 4NCL Division 3"]
[Site "online"]
[Date "2021.10.28"]
[EventDate "2021.10.28"]
[Round "6.154"]
[White "Pandian, Naren"]
[WhiteElo "960"]
[WhiteTeam "Uxbridge C"]
[Black "Ragu, Sachin"]
[BlackElo "1281"]
[BlackTeam "Leeds Juniors 2"]
[Result "0-1"]
[PlyCount "96"]

1. e4 e5 2. Nc3 Nf6 3. Nf3 Nc6 4. Bc4 Bc5 5. O-O d6 6. d3 h6 7. h3 Be6 8. Bxe6 fxe6 9. Be3 Nd4 10. Nxd4 exd4 11. b4 Bb6 12. Bf4 dxc3 13. d4 e5 14. dxe5 dxe5 15. Bxe5 Qxd1 16. Raxd1 Rd8 17. Rxd8+ Kxd8 18. Rd1+ Kc8 19. Bxc3 Nxe4 20. Bxg7 Rh7 21. Be5 Nxf2 22. Rd2 Ne4+ 23. Rd4 Bxd4+ 24. Bxd4 Rd7 25. Bxa7 Rd2 26. Be3 Rxc2 27. Bxh6 Rxa2 28. Kh2 Rb2 29. Bf8 c5 30. bxc5 Rc2 31. h4 Nxc5 32. h5 Ne6 33. Be7 b5 34. h6 Rc7 35. Bf6 Rh7 36. Kg3 Rxh6 37. Bd4 Nxd4 38. Kf2 b4 39. Ke1 b3 40. Kd1 b2 41. Kd2 b1=Q 42. Ke3 Re6+ 43. Kxd4 Qd1+ 44. Kc5 Kc7 45. Kb5 Rc6 46. Kb4 Qb1+ 47. Ka5 Kb7 48. g4 Ra6# 0-1

[Event "Junior Online 4NCL Division 3"]
[Site "online"]
[Date "2021.10.28"]
[EventDate "2021.10.28"]
[Round "6.155"]
[White "Cepoi, Gesneria-Codruta"]
[WhiteElo "1109"]
[WhiteTeam "Uxbridge C"]
[Black "Yerabati, Suhrith"]
[BlackElo "1413"]
[BlackTeam "Leeds Juniors 2"]
[Result "1-0"]
[PlyCount "27"]

1. e4 c6 2. d4 d5 3. e5 Bf5 4. Nf3 e6 5. Nc3 Nd7 6. h3 Qc7 7. g4 Bg6 8. h4 h6 9. h5 Bh7 10. Bd2 c5 11. Be3 Ne7 12. Nb5 Qc6 13. Nd6+ Kd8 14. Nxf7+ 1-0

[Event "Junior Online 4NCL Division 3"]
[Site "online"]
[Date "2021.10.28"]
[EventDate "2021.10.28"]
[Round "6.156"]
[White "Yerabati, Samiksha"]
[WhiteElo "1337"]
[WhiteTeam "Leeds Juniors 2"]
[Black "Eshwar, Ananya"]
[BlackElo "1014"]
[BlackTeam "Uxbridge C"]
[Result "1-0"]
[PlyCount "41"]

1. e4 e5 2. Nf3 Nf6 3. Nxe5 d6 4. Nf3 Bg4 5. d3 Nc6 6. Be2 Bxf3 7. Bxf3 Be7 8. Nc3 O-O 9. Bg5 Nd4 10. Bxf6 Nxf3+ 11. Qxf3 Bxf6 12. O-O c6 13. Rad1 Bxc3 14. bxc3 Re8 15. d4 d5 16. exd5 cxd5 17. Rfe1 Rxe1+ 18. Rxe1 Qa5 19. Re7 Qxa2 20. Qxf7+ Kh8 21. Qxg7# 1-0

[Event "Junior Online 4NCL Division 3"]
[Site "online"]
[Date "2021.10.28"]
[EventDate "2021.10.28"]
[Round "6.157"]
[White "Boby, Shawn"]
[WhiteElo "926"]
[WhiteTeam "Uxbridge C"]
[Black "Xu, Sienna"]
[BlackElo "1330"]
[BlackTeam "Leeds Juniors 2"]
[Result "1-0"]
[PlyCount "93"]

1. d4 d5 2. Bf4 Nc6 3. Nf3 Nf6 4. e3 Bf5 5. c3 e6 6. Bb5 a6 7. Bxc6+ bxc6 8. Qa4 Qd7 9. Ne5 Qd8 10. Qxc6+ Nd7 11. Nxd7 Qxd7 12. Qxa8+ Qd8 13. Qxd8+ Kxd8 14. O-O Bd6 15. Bg3 Bxg3 16. fxg3 Bd3 17. Rxf7 Bf5 18. Rxg7 Bg6 19. Nd2 Rf8 20. Rf1 Rxf1+ 21. Kxf1 Bd3+ 22. Kf2 Bg6 23. Kf3 Kc8 24. Kf4 Kd8 25. Ke5 Kc8 26. Kxe6 Kb7 27. Kxd5 Kb6 28. Rxg6+ hxg6 29. e4 c6+ 30. Kd6 Kb7 31. e5 Kc8 32. Kxc6 g5 33. e6 Kd8 34. Kd6 Ke8 35. e7 a5 36. b4 axb4 37. cxb4 g4 38. h3 gxh3 39. gxh3 Kf7 40. Kd7 Kf6 41. e8=Q Kf5 42. Qe5+ Kg6 43. Ke6 Kh6 44. Kf6 Kh7 45. Qh5+ Kg8 46. Qg6+ Kf8 47. Qf7# 1-0

[Event "Junior Online 4NCL Division 3"]
[Site "online"]
[Date "2021.10.28"]
[EventDate "2021.10.28"]
[Round "6.158"]
[White "Ragu, Sachin"]
[WhiteElo "1281"]
[WhiteTeam "Leeds Juniors 2"]
[Black "Pandian, Naren"]
[BlackElo "960"]
[BlackTeam "Uxbridge C"]
[Result "1-0"]
[PlyCount "129"]

1. e4 e5 2. Nf3 Nc6 3. Bc4 Bc5 4. b4 Bxb4 5. c3 Bc5 6. d4 exd4 7. cxd4 Bb6 8. Qb3 Na5 9. Bxf7+ Kf8 10. Ba3+ Ne7 11. Qb5 c6 12. Qh5 g6 13. Bxg6 hxg6 14. Qxh8+ Kf7 15. Ne5+ Ke6 16. Qh3+ Kf6 17. Qf3+ Nf5 18. exf5 gxf5 19. Ng4+ Ke6 20. d5+ cxd5 21. Ne3 d6 22. Qxf5+ Ke7 23. Nxd5+ Ke8 24. Qh5+ Kf8 25. Qh8+ Kf7 26. Qxd8 Bxd8 27. O-O Be7 28. Nxe7 Kxe7 29. Re1+ Kd7 30. Nc3 Nc4 31. Bb4 a5 32. Re4 Nd2 33. Rd4 axb4 34. Rxd2 bxc3 35. Rc2 Ra3 36. Rac1 b6 37. Rxc3 Rxc3 38. Rxc3 Bb7 39. f3 Ke6 40. Kf2 d5 41. Rb3 d4 42. Rxb6+ Kd7 43. Rxb7+ Kc6 44. Rb1 Kc5 45. Rd1 Kc4 46. Ke2 d3+ 47. Rxd3 Kc5 48. h4 Kc6 49. h5 Kc7 50. h6 Kc8 51. h7 Kb7 52. h8=Q Kb6 53. g4 Kc5 54. g5 Kc4 55. g6 Kb4 56. g7 Kc4 57. g8=Q+ Kb4 58. f4 Ka4 59. f5 Kb4 60. f6 Kc5 61. f7 Kb5 62. f8=Q Kc6 63. a4 Kb6 64. Qd6+ Ka5 65. Qa8# 1-0

[Event "Junior Online 4NCL Division 3"]
[Site "online"]
[Date "2021.10.28"]
[EventDate "2021.10.28"]
[Round "6.161"]
[White "Benhamou, Ilan"]
[WhiteElo "788"]
[WhiteTeam "Harrow Juniors F"]
[Black "Timbrell, Matthew"]
[BlackElo "1473"]
[BlackTeam "Somerset Lions"]
[Result "0-1"]
[PlyCount "62"]

1. d4 d5 2. Nf3 Nf6 3. Nc3 g6 4. Bg5 Bg7 5. e3 Bg4 6. Be2 O-O 7. Bb5 c6 8. Bd3 e6 9. h3 Bxf3 10. gxf3 Nbd7 11. O-O c5 12. Re1 cxd4 13. exd4 Qb6 14. Be3 Qxb2 15. Rb1 Qxc3 16. Qe2 Nb6 17. Rbd1 Qa3 18. Ra1 Rac8 19. Bf4 Nc4 20. Qe5 Nxe5 21. Bxe5 Nd7 22. Bxg7 Kxg7 23. Reb1 Qc3 24. Rd1 Nf6 25. Rab1 b6 26. Rb5 Nh5 27. h4 Nf4 28. Rb3 Qxd4 29. Rb5 Nh3+ 30. Kg2 Qxh4 31. Kf1 Qxf2# 0-1

[Event "Junior Online 4NCL Division 3"]
[Site "online"]
[Date "2021.10.28"]
[EventDate "2021.10.28"]
[Round "6.162"]
[White "Wang, Andy"]
[WhiteElo "1361"]
[WhiteTeam "Somerset Lions"]
[Black "Cann, Harriet"]
[BlackElo "744"]
[BlackTeam "Harrow Juniors F"]
[Result "1-0"]
[PlyCount "51"]

1. d4 e6 2. Bf4 Nf6 3. Nf3 Nc6 4. e3 Bb4+ 5. c3 Bd6 6. Bxd6 cxd6 7. Nbd2 O-O 8. Nc4 Nh5 9. Nxd6 Nf6 10. Qb3 Nh5 11. Be2 Nxd4 12. Nxd4 Nf6 13. Nxc8 g6 14. Nd6 e5 15. Nf3 Nh5 16. Nc4 Rc8 17. Nfxe5 g5 18. Bxh5 Rxc4 19. Nxc4 b5 20. Qxb5 Re8 21. Nd6 g4 22. Bxf7+ Kf8 23. Bxe8 Kg7 24. Qf5 Kg8 25. Qf7+ Kh8 26. Qf8# 1-0

[Event "Junior Online 4NCL Division 3"]
[Site "online"]
[Date "2021.10.28"]
[EventDate "2021.10.28"]
[Round "6.163"]
[White "Parikh, Aadhya"]
[WhiteElo "574"]
[WhiteTeam "Harrow Juniors F"]
[Black "Zeng, Jonathan"]
[BlackElo "1330"]
[BlackTeam "Somerset Lions"]
[Result "0-1"]
[PlyCount "66"]

1. e4 e5 2. Nf3 Nc6 3. Nc3 Nf6 4. Bb5 a6 5. Bxc6 bxc6 6. Nxe5 Qe7 7. Nf3 Nxe4 8. Nxe4 Qxe4+ 9. Kf1 Bc5 10. c3 O-O 11. Ng5 Qf5 12. Nf3 a5 13. d4 Ba6+ 14. Kg1 Bb6 15. Be3 Rfe8 16. Nh4 Qe4 17. f3 Qxh4 18. Bf2 Qf6 19. Rc1 Qg5 20. Rc2 c5 21. dxc5 Bxc5 22. Bxc5 Qxc5+ 23. Rf2 Re2 24. Qf1 Rxf2 25. Qxf2 Qd5 26. Qf1 Bxf1 27. Kxf1 Qd1+ 28. Kf2 Qxh1 29. Kg3 Re8 30. Kh3 Re6 31. Kh4 Rg6 32. Kh3 Qxg2+ 33. Kh4 Qxh2# 0-1

[Event "Junior Online 4NCL Division 3"]
[Site "online"]
[Date "2021.10.28"]
[EventDate "2021.10.28"]
[Round "6.165"]
[White "Timbrell, Matthew"]
[WhiteElo "1473"]
[WhiteTeam "Somerset Lions"]
[Black "Benhamou, Ilan"]
[BlackElo "788"]
[BlackTeam "Harrow Juniors F"]
[Result "1-0"]
[PlyCount "55"]

1. c4 e6 2. Nc3 d5 3. cxd5 exd5 4. d3 g6 5. g3 Bg7 6. Bg2 d4 7. Ne4 Nc6 8. b3 Ne5 9. Bb2 Bf5 10. Rc1 Nf6 11. Nxf6+ Bxf6 12. Bxb7 Rb8 13. Bg2 O-O 14. Nf3 Nxf3+ 15. Bxf3 Bg5 16. Rc4 Qd5 17. Bxd5 Rbd8 18. Be4 Bxe4 19. dxe4 d3 20. exd3 Bf6 21. Bxf6 Rfe8 22. Bxd8 Rxd8 23. Rxc7 a6 24. Qg4 Rb8 25. Qd7 Kg7 26. Qxf7+ Kh6 27. Qxh7+ Kg5 28. Qh4# 1-0

[Event "Junior Online 4NCL Division 3"]
[Site "online"]
[Date "2021.10.28"]
[EventDate "2021.10.28"]
[Round "6.166"]
[White "Cann, Harriet"]
[WhiteElo "744"]
[WhiteTeam "Harrow Juniors F"]
[Black "Wang, Andy"]
[BlackElo "1361"]
[BlackTeam "Somerset Lions"]
[Result "0-1"]
[PlyCount "20"]

1. e3 e5 2. Nf3 Nc6 3. Bc4 Bc5 4. Nc3 d6 5. d3 Nf6 6. O-O Bg4 7. Re1 O-O 8. Nh4 Bxd1 9. Ne4 Nxe4 10. b3 Bxc2 0-1

[Event "Junior Online 4NCL Division 3"]
[Site "online"]
[Date "2021.10.28"]
[EventDate "2021.10.28"]
[Round "6.167"]
[White "Zeng, Jonathan"]
[WhiteElo "1330"]
[WhiteTeam "Somerset Lions"]
[Black "Parikh, Aadhya"]
[BlackElo "574"]
[BlackTeam "Harrow Juniors F"]
[Result "0-1"]
[PlyCount "78"]

1. e4 e5 2. Nf3 Nc6 3. Bc4 Bb4 4. a3 Ba5 5. b4 Bb6 6. Bb2 d6 7. O-O Nf6 8. d4 Nxe4 9. dxe5 dxe5 10. Qxd8+ Nxd8 11. Bxe5 O-O 12. Re1 Nf6 13. Nc3 Bf5 14. Bxf6 gxf6 15. Rac1 Nc6 16. Nd5 Rad8 17. Nxf6+ Kg7 18. Nh5+ Kh8 19. Ne5 Nxe5 20. Rxe5 Bg6 21. Nf4 Bd4 22. Re7 Bb2 23. Rce1 Rd6 24. Re8 Rxe8 25. Rxe8+ Kg7 26. h3 Rd1+ 27. Kh2 f5 28. Re7+ Kh6 29. Bg8 Bxa3 30. Nxg6 hxg6 31. h4 Kh5 32. Rh7+ Kg4 33. f3+ Kf4 34. Rxc7 Bxb4 35. Rc4+ Ke3 36. Rxb4 b6 37. c4 Rd4 38. Rb3+ Kf2 39. Ra3 Rxh4# 0-1

[Event "Junior Online 4NCL Division 3"]
[Site "online"]
[Date "2021.11.11"]
[EventDate "2021.11.11"]
[Round "7.23"]
[White "Balaggan, Karam S"]
[WhiteElo "1313"]
[WhiteTeam "Colchester Juniors B"]
[Black "Navle, Aditi"]
[BlackElo "1103"]
[BlackTeam "Uxbridge B"]
[Result "1-0"]
[PlyCount "121"]

1. e4 e5 2. Nf3 Nc6 3. Bb5 Nf6 4. O-O Bc5 5. Re1 O-O 6. d3 h6 7. Bxc6 dxc6 8. Nxe5 Re8 9. Nf3 Bg4 10. h3 Bh5 11. Nc3 Bb4 12. Bd2 a5 13. a3 Bxc3 14. Bxc3 b6 15. Re3 b5 16. Qe1 b4 17. axb4 axb4 18. Bxb4 Rxa1 19. Qxa1 Nd7 20. Qe1 Ne5 21. Nxe5 Rxe5 22. Bc3 Re6 23. d4 Bg6 24. f4 Qe8 25. f5 Bxf5 26. Bd2 Rxe4 27. Rxe4 Qxe4 28. Qxe4 Bxe4 29. c3 g5 30. Be1 Kg7 31. Bg3 Bd5 32. Bxc7 f5 33. Be5+ Kg6 34. Bg3 f4 35. Bf2 Kf5 36. Kh2 Ke4 37. g3 fxg3+ 38. Kxg3 Kd3 39. Kg4 Kc2 40. Kh5 Kxb2 41. Kxh6 Kxc3 42. Kxg5 Kc4 43. h4 Be4 44. h5 Bd3 45. h6 Be4 46. Kf6 Bd3 47. Kg7 Be4 48. h7 Bxh7 49. Kxh7 Kd5 50. Kg7 Ke6 51. Kg6 Kd5 52. Kf5 Kd6 53. Kf6 Kd5 54. Ke7 Kc4 55. Kd7 Kd5 56. Ke7 Kc4 57. Kd6 Kb5 58. Kc7 Kc4 59. Kxc6 Kd3 60. d5 Ke4 61. d6 1-0

[Event "Junior Online 4NCL Division 3"]
[Site "online"]
[Date "2021.11.11"]
[EventDate "2021.11.11"]
[Round "7.24"]
[White "Navle, Yash Kumar"]
[WhiteElo "1103"]
[WhiteTeam "Uxbridge B"]
[Black "Beer, James"]
[BlackElo "1275"]
[BlackTeam "Colchester Juniors B"]
[Result "1-0"]
[PlyCount "25"]

1. e4 e5 2. Nf3 Nc6 3. d4 f6 4. dxe5 fxe5 5. Bc4 Bc5 6. O-O Nf6 7. Ng5 Rf8 8. Nxh7 Nxh7 9. Qh5+ Ke7 10. Qxh7 Nd4 11. Bg5+ Ke8 12. Qg6+ Rf7 13. Qxf7# 1-0

[Event "Junior Online 4NCL Division 3"]
[Site "online"]
[Date "2021.11.11"]
[EventDate "2021.11.11"]
[Round "7.25"]
[White "Li, Lucian"]
[WhiteElo "1348"]
[WhiteTeam "Uxbridge B"]
[Black "Shiva, Shrishti"]
[BlackElo "1463"]
[BlackTeam "Colchester Juniors B"]
[Result "1-0"]
[PlyCount "123"]

1. e4 e5 2. Nf3 Nc6 3. Bc4 Bc5 4. c3 h6 5. d4 exd4 6. cxd4 Bb4+ 7. Bd2 Bxd2+ 8. Nbxd2 d6 9. h3 Nf6 10. d5 Ne7 11. O-O O-O 12. Re1 Re8 13. Qc2 Ng6 14. Rac1 Bd7 15. Bb3 Rc8 16. Ba4 Bxa4 17. Qxa4 a6 18. Qb4 Rb8 19. Rc2 Qd7 20. Qc4 Rbc8 21. Qb3 Rb8 22. a3 Re7 23. Rc3 Ree8 24. Qc2 Rbc8 25. Rc4 Re7 26. Rb4 Rb8 27. Qb3 Qc8 28. Rc4 Qd8 29. Qc2 Rc8 30. Nb3 b6 31. Nbd4 Qe8 32. Nc6 Rd7 33. Rc3 Ne7 34. Rce3 Nxc6 35. Qxc6 Re7 36. Qc4 a5 37. Nd2 Nd7 38. Qc2 Nc5 39. f3 Nd7 40. Nb3 Ne5 41. Nd4 Nd7 42. Nc6 Nc5 43. Nxe7+ Qxe7 44. b4 axb4 45. axb4 Nd7 46. Ra1 Ne5 47. Rc3 Nd7 48. Rxc7 Rxc7 49. Qxc7 Kh7 50. Ra7 Qe5 51. Qxd7 Qd4+ 52. Kf1 Qd1+ 53. Kf2 Qd2+ 54. Kg3 Qg5+ 55. Qg4 Qe5+ 56. f4 Qc3+ 57. Qf3 Qe1+ 58. Kh2 Qxb4 59. Rxf7 Kg8 60. Qh5 Qb5 61. Qg6 Kh8 62. Qxg7# 1-0

[Event "Junior Online 4NCL Division 3"]
[Site "online"]
[Date "2021.11.11"]
[EventDate "2021.11.11"]
[Round "7.27"]
[White "Navle, Aditi"]
[WhiteElo "1103"]
[WhiteTeam "Uxbridge B"]
[Black "Balaggan, Karam S"]
[BlackElo "1313"]
[BlackTeam "Colchester Juniors B"]
[Result "1-0"]
[PlyCount "45"]

1. e4 c5 2. c3 d6 3. d4 cxd4 4. cxd4 Nf6 5. Nc3 e6 6. Bb5+ Nc6 7. d5 exd5 8. exd5 a6 9. Bxc6+ bxc6 10. dxc6 Be7 11. Nf3 O-O 12. O-O Qb6 13. Re1 Re8 14. Bg5 Qxb2 15. Bxf6 Be6 16. Bxe7 Rxe7 17. Nd5 Rea7 18. c7 Qb5 19. Ne7+ Kf8 20. c8=Q+ Bxc8 21. Qxd6 Qd7 22. Ng6+ Kg8 23. Qf8# 1-0

[Event "Junior Online 4NCL Division 3"]
[Site "online"]
[Date "2021.11.11"]
[EventDate "2021.11.11"]
[Round "7.28"]
[White "Beer, James"]
[WhiteElo "1275"]
[WhiteTeam "Colchester Juniors B"]
[Black "Navle, Yash Kumar"]
[BlackElo "1103"]
[BlackTeam "Uxbridge B"]
[Result "1-0"]
[PlyCount "41"]

1. e4 e5 2. Nf3 Nc6 3. d3 d5 4. exd5 Qxd5 5. Nc3 Qa5 6. Bd2 Bb4 7. a3 Bxc3 8. Bxc3 Qb5 9. d4 Qd5 10. dxe5 Nge7 11. b3 Bg4 12. Bc4 Bxf3 13. gxf3 Qxd1+ 14. Rxd1 O-O 15. O-O a6 16. e6 fxe6 17. Bxe6+ Kh8 18. Rd7 Rxf3 19. Bb2 Re8 20. Rxc7 Ng6 21. Bxg7# 1-0

[Event "Junior Online 4NCL Division 3"]
[Site "online"]
[Date "2021.11.11"]
[EventDate "2021.11.11"]
[Round "7.31"]
[White "Thompson, Alex"]
[WhiteElo "913"]
[WhiteTeam "Barnet Knights D"]
[Black "Dean, Eskander"]
[BlackElo "1316"]
[BlackTeam "The Hall 2"]
[Result "1/2-1/2"]
[PlyCount "87"]

1. e4 e5 2. Nf3 d6 3. Nc3 Nf6 4. d3 Be7 5. Bg5 h6 6. Bxf6 Bxf6 7. Nd5 c6 8. Nxf6+ Qxf6 9. Be2 Bg4 10. Nd2 Be6 11. Bg4 Nd7 12. Bxe6 Qxe6 13. Nf3 O-O 14. O-O d5 15. exd5 Qxd5 16. Re1 f6 17. c4 Qe6 18. b3 Qd6 19. d4 exd4 20. Nxd4 Rfe8 21. Nf5 Qc7 22. Re7 Rxe7 23. Nxe7+ Kh8 24. Ng6+ Kg8 25. Qe1 Rd8 26. Rd1 Ne5 27. Rxd8+ Qxd8 28. Nf4 Nd3 29. Nxd3 Qxd3 30. Qe8+ Kh7 31. Qe1 Qc2 32. h3 Qxa2 33. Qe4+ Kh8 34. Qe8+ Kh7 35. Qe4+ g6 36. Qe7+ Kg8 37. Qe8+ Kg7 38. Qe7+ Kg8 39. Qe8+ Kh7 40. Qf7+ Kh8 41. Qf8+ Kh7 42. Qf7+ Kh8 43. Qf8+ Kh7 44. Qf7+ 1/2-1/2

[Event "Junior Online 4NCL Division 3"]
[Site "online"]
[Date "2021.11.11"]
[EventDate "2021.11.11"]
[Round "7.32"]
[White "Agarwal, Mihir"]
[WhiteElo "1344"]
[WhiteTeam "The Hall 2"]
[Black "Finlay Fox, George"]
[BlackElo "800"]
[BlackTeam "Barnet Knights D"]
[Result "1-0"]
[PlyCount "53"]

1. e4 e5 2. Nf3 Nc6 3. Bc4 Bc5 4. d3 d6 5. Ng5 Nf6 6. Nxf7 Bg4 7. f3 Bh5 8. Nxd8 Rxd8 9. Bg5 Rd7 10. Nc3 Na5 11. Bb5 O-O 12. Bxd7 Bb4 13. Be6+ Kh8 14. O-O Nc6 15. Nd5 Nxd5 16. Bxd5 Nd4 17. c3 Bc5 18. cxd4 Bxd4+ 19. Kh1 a5 20. Qa4 c6 21. Be6 Re8 22. Bh3 d5 23. exd5 cxd5 24. Qxe8+ Bxe8 25. f4 b5 26. fxe5 Bxe5 27. Rf8# 1-0

[Event "Junior Online 4NCL Division 3"]
[Site "online"]
[Date "2021.11.11"]
[EventDate "2021.11.11"]
[Round "7.33"]
[White "Grose, Ariyana"]
[WhiteElo "893"]
[WhiteTeam "Barnet Knights D"]
[Black "O'Sullivan, Conor"]
[BlackElo "1290"]
[BlackTeam "The Hall 2"]
[Result "1-0"]
[PlyCount "37"]

1. e4 e5 2. Nf3 Nc6 3. Bc4 Nf6 4. Nc3 Bc5 5. d3 d6 6. Bg5 Be6 7. Bxe6 fxe6 8. O-O d5 9. h3 Qd7 10. Bxf6 gxf6 11. Nh4 O-O-O 12. Nb5 Qe7 13. Qd2 dxe4 14. Qc3 f5 15. a3 Qxh4 16. Qe1 Nd4 17. Qc3 Rhg8 18. Qxc5 Qxh3 19. Qxc7# 1-0

[Event "Junior Online 4NCL Division 3"]
[Site "online"]
[Date "2021.11.11"]
[EventDate "2021.11.11"]
[Round "7.35"]
[White "Dean, Eskander"]
[WhiteElo "1316"]
[WhiteTeam "The Hall 2"]
[Black "Thompson, Alex"]
[BlackElo "913"]
[BlackTeam "Barnet Knights D"]
[Result "1-0"]
[PlyCount "49"]

1. e4 e5 2. Nf3 Nc6 3. Bb5 d6 4. d4 exd4 5. Nxd4 Bd7 6. Nxc6 bxc6 7. Bc4 d5 8. exd5 cxd5 9. Bxd5 Rb8 10. Qf3 Nf6 11. Bb3 Be6 12. Bg5 Bb4+ 13. Nc3 Bxc3+ 14. Qxc3 Qe7 15. Bxf6 gxf6 16. Qe3 Rd8 17. O-O Bxb3 18. Qxe7+ Kxe7 19. axb3 Ra8 20. Rfe1+ Kf8 21. Rad1 a5 22. Rd7 Re8 23. Rxe8+ Kxe8 24. Rxc7 Rg8 25. Rc8+ 1-0

[Event "Junior Online 4NCL Division 3"]
[Site "online"]
[Date "2021.11.11"]
[EventDate "2021.11.11"]
[Round "7.36"]
[White "Finlay Fox, George"]
[WhiteElo "800"]
[WhiteTeam "Barnet Knights D"]
[Black "Agarwal, Mihir"]
[BlackElo "1344"]
[BlackTeam "The Hall 2"]
[Result "1/2-1/2"]
[PlyCount "76"]

1. e4 e5 2. Bc4 Nc6 3. Qh5 Qf6 4. d4 Nxd4 5. Bg5 Qg6 6. Qg4 Nxc2+ 7. Kd1 Nxa1 8. Nd2 d5 9. Qf3 dxc4 10. Qg3 Bd6 11. Ndf3 Qe6 12. Nh4 Qg4+ 13. f3 Qxg3 14. hxg3 Ne7 15. Bxe7 Bxe7 16. Nf5 Bxf5 17. exf5 O-O-O+ 18. Ke1 Bb4+ 19. Kf1 Nc2 20. Rh5 Be1 21. Rg5 Rd2 22. Nh3 Ne3+ 23. Kg1 Rxg2+ 24. Kh1 Rxg3 25. Rxg3 Bxg3 26. Ng5 Nxf5 27. Nxf7 Rf8 28. Nxe5 Bxe5 29. a4 Ne3 30. a5 h5 31. b4 g5 32. b5 g4 33. a6 Rxf3 34. b6 axb6 35. a7 Rh3+ 36. Kg1 g3 37. a8=Q+ Kd7 38. Qh8 Bxh8 1/2-1/2

[Event "Junior Online 4NCL Division 3"]
[Site "online"]
[Date "2021.11.11"]
[EventDate "2021.11.11"]
[Round "7.37"]
[White "O'Sullivan, Conor"]
[WhiteElo "1290"]
[WhiteTeam "The Hall 2"]
[Black "Grose, Ariyana"]
[BlackElo "893"]
[BlackTeam "Barnet Knights D"]
[Result "1-0"]
[PlyCount "41"]

1. e4 e5 2. Nf3 Nc6 3. Nc3 Bc5 4. Nxe5 Nxe5 5. d4 Bxd4 6. Qxd4 Nc6 7. Qxg7 Qf6 8. Bh6 Qxh6 9. Qxh8 Qf8 10. Bc4 Nd4 11. O-O-O d6 12. Rxd4 Nf6 13. Qxf6 Bd7 14. Nd5 Be6 15. Nxc7+ Kd7 16. Nxe6 Ke8 17. Nc7+ Kd7 18. Nxa8 Qxa8 19. Qxd6+ Ke8 20. Qd7+ Kf8 21. Qxf7# 1-0